| 000 | 00721nam a2200253Ia 4500 | ||
|---|---|---|---|
| 003 | OSt | ||
| 005 | 20220918185138.0 | ||
| 006 | a|||||r|||| 00| 0 | ||
| 007 | ta | ||
| 008 | 220917b |||||||| |||| 00| 0 eng d | ||
| 024 | _a49,856 | ||
| 037 | _cTextual | ||
| 040 |
_aARTS _cARTS _beng |
||
| 041 |
_2eng _aeng |
||
| 082 | _aP:75, M9 | ||
| 100 |
_aTannen Deborah _968015 |
||
| 245 | 0 |
_aTalking voices _b repetition , dialogue , and imagery in conversational discourse |
|
| 260 |
_aNew York _bCUP _c1989 |
||
| 300 |
_aviii,240p. _ccm. |
||
| 490 | _aStudies in Interactional Sociolinguistic; 6 | ||
| 650 | _aLINGUISTICS | ||
| 942 |
_hP:75, M9 _cTEXL _2CC |
||
| 999 |
_c179456 _d179456 |
||